000 00963nam a2200313 i 4500
001 000028810
003 DO-SdBNP
005 20240830110303.0
007 ta
008 110412s2010 dr 000 0 spa d
020 _a9789945003345
040 _aDO-SdBNP
_bspa
_cBNPHU
_erda
041 _aspa
082 4 _aRD861.5
_bD542a
_222
100 1 _aDíaz, Juanita,
_d1936-
_955789
_eautor
_4aut.
245 1 0 _aAñoranza :
_bconfesiones intimistas /
_cJuanita Díaz.
250 _aPrimera edición
264 4 _aSanto Domingo :
_bEditora Búho,
_c©2010.
300 _a54 páginas ;
_c21 cm.
336 _2rdacontent
_atexto
_btxt
337 _2rdamedia
_asin mediación
_bn
338 _2rdacarrier
_avolumen
_bnc
500 _aIncluye datos biográficos de la autora en las solapas
590 _aInventariado, 2024/MFF
650 4 _aPoesía dominicana
650 4 _aLiteratura dominicana
910 _aValidado. Control de calidad MFF
942 _2ddc
_cLBS1
999 _c28302
_d28302